| 000 | 006420000a22001210004500 | ||
|---|---|---|---|
| 100 | 1 | _aParra Piñeros, José Edwin. | |
| 245 | 1 | 0 | _aLa cultura del miedo, un reto para el hombre del siglo XXI |
| 300 | _ano.47 (nov. - dic., 2010), p. 56-57 | ||
| 520 | _aEl miedo es la actual característica del hombre del siglo XXI. Las guerras preventivas, las vacunas, los sistemas de alta seguridad, las noticias, el breaking news, el índice de alerta de los noticieros y la pandemia asesina H1N1, son producto de una sociedad fundamentada en el miedo. | ||
| 650 | 1 | 4 | _aMIEDO |
| 773 | 0 | _tRevista internacional magisterio : educación y ped | |
| 942 | _cANA | ||
| 999 |
_c63275 _d63275 |
||